El Palacio de la Inquisición (Escuela de Medicina) (Record no. 3524)
[ view plain ]
| 000 -CABECERA | |
|---|---|
| campo de control de longitud fija | 00884nam a2200253 a 4500 |
| 001 - NÚMERO DE CONTROL | |
| campo de control | BRCA_3795 |
| 005 - FECHA Y HORA DE LA ÚLTIMA TRANSACCIÓN | |
| campo de control | 20190320204428.0 |
| 008 - DATOS DE LONGITUD FIJA--INFORMACIÓN GENERAL | |
| campo de control de longitud fija | 151109s1951----mx-a---###---#000-0#spa-# |
| 041 ## - CÓDIGO DE LENGUA | |
| Código de lengua del texto/banda sonora o título independiente | spa |
| 044 ## - CÓDIGO DEL PAÍS DE LA ENTIDAD EDITORA/PRODUCTORA | |
| Código MARC del país | mx |
| 050 #4 - SIGNATURA TOPOGRÁFICA DE LA BIBLIOTECA DEL CONGRESO | |
| Número de clasificación | NA5257 |
| Número de documento/Ítem | .M39 1951 |
| 100 1# - ENTRADA PRINCIPAL--NOMBRE DE PERSONA | |
| Nombre de persona | Maza, Francisco de la |
| Fechas asociadas al nombre | 1913-1972 |
| 9 (RLIN) | 278 |
| 245 10 - MENCIÓN DE TÍTULO | |
| Título | El Palacio de la Inquisición (Escuela de Medicina) |
| Mención de responsabilidad, etc. | Francisco de la Maza. |
| 260 ## - PUBLICACIÓN, DISTRIBUCIÓN, ETC. | |
| Lugar de publicación, distribución, etc. | México |
| Nombre del editor, distribuidor, etc. | UNAM, Instituto de Investigaciones Estéticas |
| Fecha de publicación, distribución, etc. | 1951 |
| 300 ## - DESCRIPCIÓN FÍSICA | |
| Extensión | 81 p. |
| Otras características físicas | il., 40 láminas |
| Dimensiones | 20 cm. |
| 440 #0 - MENCIÓN DE SERIE/PUNTO DE ACCESO ADICIONAL--TÍTULO | |
| Título | Ediciones del iv Centenario de la Universidad de México |
| Designación de volumen o secuencia | 9 |
| 9 (RLIN) | 9886 |
| 500 ## - NOTA GENERAL | |
| Nota general | Incluye índice de materias e índice de ilustraciones. |
| 500 ## - NOTA GENERAL | |
| Nota general | B154 |
| 610 24 - PUNTO DE ACCESO ADICIONAL DE MATERIA--NOMBRE DE ENTIDAD CORPORATIVA | |
| Nombre de entidad corporativa o nombre de jurisdicción como elemento de entrada | Palacio de la Inquisición |
| Subdivisión geográfica | (Ciudad de México) |
| 9 (RLIN) | 9887 |
| 650 14 - PUNTO DE ACCESO ADICIONAL DE MATERIA--TÉRMINO DE MATERIA | |
| Término de materia o nombre geográfico como elemento de entrada | Arquitectura |
| Subdivisión geográfica | México. |
| 9 (RLIN) | 596 |
| 710 2# - PUNTO DE ACCESO ADICIONAL--NOMBRE DE ENTIDAD CORPORATIVA | |
| Nombre de entidad corporativa o nombre de jurisdicción como elemento de entrada | Escuela Nacional de Medicina. |
| 9 (RLIN) | 9888 |
| 902 ## - CATALOGADOR | |
| Iniciales | GFM |
| 942 ## - ELEMENTOS DE PUNTO DE ACCESO ADICIONAL (KOHA) | |
| Fuente del sistema de clasificación o colocación | Library of Congress Classification |
| Tipo de ítem Koha | Libros |
| Estado de retiro | Estado de pérdida | Estado dañado | No para préstamo | Localización permanente | Ubicación/localización actual | Fecha de adquisición | Número de inventario | Total de préstamos | Signatura topográfica completa | Código de barras | Fecha visto por última vez | Precio válido a partir de | Tipo de ítem Koha |
|---|---|---|---|---|---|---|---|---|---|---|---|---|---|
| El ejemplar forma parte de la colección y puede ser consultado según las políticas vigentes. | Biblioteca del Museo Franz Mayer (Rogerio Casas-Alatriste) | Biblioteca del Museo Franz Mayer (Rogerio Casas-Alatriste) | 15/11/2009 | B154 | NA5257 .M39 1951 (B154) | 3792 | 22/03/2019 | 22/03/2019 | Libros |